| 000 | 00721nam a2200229 a 4500 | ||
|---|---|---|---|
| 005 | 20210223130243.0 | ||
| 008 | 070829s2003 mx r 000 0 spa d | ||
| 020 | _a9700516172 | ||
| 035 | _aUPN01000151587 | ||
| 049 | _aCG | ||
| 050 | 4 |
_aHV887 M6 _bC3.4 |
|
| 100 | 1 | _aCalderón Gómez, Judith | |
| 245 | 1 | 0 |
_aInfancia sin amparo / _cJudith Calderón Gómez. |
| 260 |
_aMéxico : _bGrijalbo : _bLa jornada, _cc2003. |
||
| 300 |
_a281 p. : _eil. |
||
| 440 | 0 | _aTiempo Mexicano | |
| 500 | _aEn la cubierta : La realidad que enfrentan los niños de la calle | ||
| 650 | 4 |
_aNIÑOS DE LA CALLE - _zMEXICO _916560 |
|
| 650 | 4 |
_aTRABAJO SOCIAL CON NIÑOS _96350 |
|
| 650 | 4 |
_aNIÑOS VAGABUNDOS - _zMEXICO |
|
| 905 | _aLibro | ||
| 999 |
_c123723 _d123723 |
||